| 000 | 02638nam0a2200445 4500 | ||
|---|---|---|---|
| 001 | RU\NLR\bibl\1338865 | ||
| 005 | 20250615165856.0 | ||
| 010 |
_a978-5-7271-0920-5 _9300 |
||
| 021 |
_aRU _b2009-243 _915 |
||
| 035 | _a(nilc)EL/0000235896 | ||
| 035 | _a(NLR Aleph) 001324043 | ||
| 090 |
_a758282 _c758282 |
||
| 100 | _a20081224d2008 |||y0rusy50 ca | ||
| 101 | 0 | _arus | |
| 102 | _aRU | ||
| 105 | _aa ||||||||| | ||
| 200 | 1 |
_aБухгалтерский учет в бюджетных и некоммерческих организациях _eучебное пособие _fС. М. Пестунова, Е. Ю. Елпанова _gФедер. агентство по образованию, Гос. образоват. учреждение высш. проф. образования "Челяб. гос. ун-т", Центр заоч. и дистанц. образования |
|
| 210 |
_aЧелябинск _cЧелябинский государственный университет _d2008 |
||
| 215 |
_a237 с. _cил. _d21 |
||
| 320 | _aБиблиогр.: с. 208-210 | ||
| 606 | 1 |
_aНекоммерческие организации _jУчебные издания для высших учебных заведений _xБухгалтерский учет _yРоссийская Федерация _92280900 _3RU\NLR\auth\661366568 |
|
| 606 | 1 |
_aБюджетные учреждения _jУчебные издания для высших учебных заведений _xБухгалтерский учет _yРоссийская Федерация _92114620 _3RU\NLR\auth\661277602 |
|
| 610 | 1 | _aбухгалтерский учет в бюджетных организациях | |
| 610 | 1 | _aбухгалтерский учет в некоммерческих организациях | |
| 686 |
_a65.052.246я73 _vLBC/M _2rubbk |
||
| 686 |
_a65.052.247я73 _vLBC/M _2rubbk |
||
| 686 |
_a06.35.31 _2rugasnti |
||
| 686 | _aУ052.9(2)229я73 | ||
| 686 | _aУ052.9(2)247я73 | ||
| 700 | 1 |
_4070 _aПестунова _bС. М. _cпреподаватель, бухгалтерский учет _gСветлана Михайловна _9226576 _3RU\NLR\AUTH\770226632 |
|
| 701 | 1 |
_4070 _aЕлпанова _bЕ. Ю. _cпреподаватель, бухгалтерский учет _gЕлена Юрьевна _9226577 _3RU\NLR\AUTH\770226633 |
|
| 801 | 0 |
_aRU _bЧелябинская ОУНБ _c20081224 |
|
| 801 | 1 |
_aRU _bЧелябинская ОУНБ _c20081224 _2rusmarc |
|
| 801 | 2 |
_aRU _bNLR _c20090311 _grcr |
|
| 830 | _aавт. по кн. | ||
| 942 | _cBOOK | ||
| 980 | _aNB | ||
| 980 | _aNBR | ||